000 00477cam a22001457a 4500
008 180718b1988 xxu||||| |||| 00| 0 eng d
082 _aO97x54 Sa96
100 _aSawhney, N.
245 _aLarge scale surveys in health and FW programmes in India: methodological issues
_cby N. Sawhney, Prem P. Talwar and B.D. Misra
260 _aLucknow
_bPopulations Centre
_c1988
300 _a190p.
650 _aBirth Control - India
700 _aMisra, B.D.
700 _aTalwar, Prem P.
999 _c477511
_d477511